Las doce y veintinueve
Bewaard in:
| Hoofdauteur: | |
|---|---|
| Formaat: | Onbekend |
| Taal: | Spanish |
| Gepubliceerd in: |
León, Nicaragua
Editorial Universitaria de la UNAM
1975
|
| Onderwerpen: | |
| Tags: |
Voeg label toe
Geen labels, Wees de eerste die dit record labelt!
|
MARC
| LEADER | 000000000a22000000004500 | ||
|---|---|---|---|
| 001 | 000147 | ||
| 007 | ta | ||
| 008 | 140429s1975 ni |||g |||| 000 1dspa d | ||
| 041 | 0 | |a español | |
| 082 | |a N863.4 A283d | ||
| 100 | 1 | |a Aguilar, Rosario |d 1938- |9 74 | |
| 245 | 1 | 4 | |a Las doce y veintinueve |c por Rosario Aguilar |
| 260 | |a León, Nicaragua |b Editorial Universitaria de la UNAM |c 1975 | ||
| 300 | |a 145-185 páginas | ||
| 500 | |a Número de inscripción 00001 -- Separata de cuadernos Universitarios no. 15. Homenaje a la mujer nicaraguense en el año internacional de la mujer | ||
| 650 | 4 | |a LITERATURA NICARAGUENSE |v NOVELA | |
| 942 | |2 ddc |c BK | ||
| 999 | |c 981 |d 981 | ||
